Responses for Show #7354 - Thursday, July 28, 2016

Contestants

[<< previous game]

Katrina Ice, a claims examiner from Louisville, Kentucky

Todd Gonzalez, a paint sales assistant manager from Rochester, New York

Barbra Resnick, a social worker from Altamonte Springs, Florida (whose 1-day cash winnings total $8,399)

[next game >>]

Jeopardy! Round responses

CLUES ACROSS AMERICA
(Alex: Each clue will be delivered by a well-known personality at one of our affiliated stations coast to coast.)
SOUNDS LIKE A STAR WARS CHARACTER
HONORARY HARLEM GLOBETROTTERS
THE BOOK BIZ
MAJOR SPORTS TEAMS' NAMES IN COMMON
ONOMATOPOETIC WORDS
    $200 26
[Ryan and Val reported the clue from Navy Pier in Chicago, IL. Val read the first half of the clue, Ryan the second.]

Lake Michigan

Barbra
    $200 18
Luke

Todd
    $200 1
(Todd: What is a cash... cab?)
(Katrina: What is a quick turnover?)

a hack

ToddKatrina
Triple Stumper
    $200 19
the Giants

Todd
    $400 13
[Christa reported the clue from Kansas City, MO.]

(Harry) Truman

Katrina
    $400 14
Todd: What is [*]?)
(Alex: Who is Chewie? Yes.)

chewy

Todd
    $400 2
galleys

Barbra
    $400 20
the Rangers

Katrina
    $400 11
a jingle

Todd
    $600 6
Portlandia

Barbra
    $1,000 15
Han

Todd
    $600 27
[The end-of-round signal sounds.]

Bob Hope

Katrina
    $600 3
a ghostwriter

Barbra
    $600 21
(Alex: With a minute to go.)

the Jets

Todd
    $600 10
a beep

Todd
    $800 7
[Kidd reported the clue from Washington, D.C.]

Lyndon B. Johnson

Todd
    $800 16
(Katrina: What is the Obie?)
(Alex: A little more.)
(Katrina: ...-wan Kenobi? Obi--who is Obi-wan Kenobi?)
(Alex: Yep. [Chuckles]
You gave more than we needed, but we'll accept it. Go again.)

the Obie-wan

Katrina
    $800 25
Jesse Jackson

Todd
    $800 4
blurbs

Katrina
    $800 22
the Cardinals

Barbra
    $800 9
A-H-E-M

Triple Stumper
    $1000 8
[Lucy reported the clue from Norfolk, VA.]

Fleet

Triple Stumper
    $1000 17
(Katrina: What is [*]?)
(Alex: All right, our judge is giving you a thumbs-up on that one.)
(Katrina: Gnomie's been there.)
(Alex: Oh, okay.)

the Palatine

Katrina
    $1000 24
Whoopi Goldberg

Barbra
    $1000 5
a printer's devil

Triple Stumper
    $1000 23
the Panthers

Katrina
    $1000 12
(Katrina: What is all filler?)

all sizzle, no steak

Katrina
Triple Stumper

Scores at the first commercial break (after clue 13):

Barbra Todd Katrina
$1,600 $1,600 $0

Scores at the end of the Jeopardy! Round:

Barbra Todd Katrina
$3,600 $4,800 $3,800

Double Jeopardy! Round responses

WELCOME TO MONACO
AFRICAN-AMERICAN LITERATURE
CLASSICAL COMPOSITIONS BY CENTURY
(Alex: You give us the century.
HISTORY
DEPRESSING QUOTES
CROSSWORD CLUES "B"
    $400 22
Catholicism

Katrina
    $400 15
(Todd: What is Philadelphia?)

Pittsburgh

ToddKatrina
    $400 27
(Katrina: What is 20th century?)
...
(Alex: That's right. And with that, you go up to $9,200, which is exactly 50% of Todd's total.)
[The end-of-round signal sounds.]

21st century

BarbraKatrina
    $400 21
(William) Penn

Barbra
    $400 5
the reader

Katrina
    $400 26
a bracelet

Todd
    $800 14
the Grand Prix (of Monaco)

Barbra
    $800 19
(Alice) Walker

Todd
    $800 4
Tadeusz Kosciuszko

Triple Stumper
    $800 6
Rumsfeld

Katrina
    $800 23
(Alex: With less than a minute to go, you're right.)

a babysitter

Barbra
    $1200 13
Monte Carlo

Todd
    $1200 16
A Raisin in the Sun

Todd
    $2,000 25
(Alex: That's right.
Composed in the 1700s.)

the 18th

Todd
    $1200 10
the TVA (Tennessee Valley Authority)

Todd
    $1200 7
a recession

Triple Stumper
    $1200 1
Belizian

Barbra
    $1600 12
the Riviera

Todd
    $1600 17
Frederick Douglass

Todd
    $1600 11
(Katrina: Who is MacArthur?)
(Alex: Yes... no.)

McCarthy

ToddKatrina
    $1600 8
Hell

Katrina
    $1600 2
(Todd: What is bachelor of arts?)
(Katrina: What is bachelorette?)

baccalaureate

ToddKatrina
Triple Stumper
    $2000 24
(Katrina: Who are the Rainiers?)

the Grimaldis

ToddKatrina
    $2000 18
Their Eyes Were Watching God

Todd
    $2000 20
Walla Walla

Katrina
    $2,500 9
(Katrina: What is a... writer?)

a hero

Katrina
    $2000 3
bedlam

Barbra

Scores at the end of the Double Jeopardy! Round:

Barbra Todd Katrina
$9,200 $18,400 $1,300
(lock-tie game)

[wagering suggestions for these scores]

Final Jeopardy! Round responses

NAMES IN THE NEWS
(Alex: His brother, Mark, was a contestant on our program earlier this season.)
...
(Alex: [To Barbra] The astronaut who spent a year in space. His brother, his twin brother Mark was on our show.)
...
(Alex: [To Todd] What was--what was your wager? A dollar. You're gonna lose by a buck.)
[Groans from the audience]
KatrinaWho is ?
$301
BarbraWho is Scott Kelly?
$9,200
ToddWho is Statue of Liberty
$1
Scott Kelly

Final scores:

Barbra Todd Katrina
$18,400 $18,399 $999
2-day champion: $26,799 2nd place: $2,000 3rd place: $1,000

Game dynamics:

Coryat scores:

Barbra Todd Katrina
$9,200 $17,200 $3,800
12 R,
0 W
20 R
(including 2 DDs),
3 W
13 R,
7 W
(including 1 DD)

Combined Coryat: $30,200

[game clues] [game scores] [suggest correction]

Game tape date: 2016-04-28
The J! Archive is created by fans, for fans. Scraping, republication, monetization, and malicious use prohibited; this site may use cookies and collect identifying information. See terms. The Jeopardy! game show and all elements thereof, including but not limited to copyright and trademark thereto, are the property of Jeopardy Productions, Inc. and are protected under law. This website is not affiliated with, sponsored by, or operated by Jeopardy Productions, Inc. Join the discussion at JBoard.tv.